[Event "DOM-chT"]
[Site "Santiago de los Caballeros"]
[Date "2017.08.19"]
[Round "4.3"]
[White "Javier Brito, Aneudis"]
[Black "Pacheco Marte, Sergio Andres"]
[Result "1-0"]
[WhiteElo "1892"]
[BlackElo "1723"]
[PlyCount "83"]
[EventDate "2017.08.17"]
[EventType "team-swiss"]
[EventRounds "6"]
[EventCountry "DOM"]
[SourceTitle "EXT 2019"]
[Source "ChessBase"]
[SourceDate "2018.10.10"]
[SourceVersion "1"]
[SourceVersionDate "2018.10.10"]
[SourceQuality "1"]
[WhiteTeam "Duarte"]
[BlackTeam "San Cristobal"]
[WhiteTeamCountry "DOM"]
[BlackTeamCountry "DOM"]

1. e4 d5 2. exd5 Qxd5 3. Nc3 Qe5+ 4. Be2 c6 5. Nf3 Qc7 6. d4 Nf6 7. Bg5 Bf5 8. Bh4 e6 9. Ne5 Nbd7 10. g4 Bg6 11. Bg3 Bd6 12. Nxg6 hxg6 13. Qd2 Bxg3 14. fxg3 0-0-0 15. 0-0-0 e5 16. d5 cxd5 17. Nb5 Qc5 18. g5 Ne4 19. Qxd5 Qxd5 20. Rxd5 a6 21. Bf3 Nxg5 22. Nd6+ Kc7 23. Rhd1 Nxf3 24. Nxf7 Rhf8 25. Nxd8 Rxd8 26. Rd6 e4 27. R1d5 Nfe5 28. Re6 Ng4 29. Rxe4 Nxh2 30. Re7 Kc6 31. Rd3 Ng4 32. Rxg7 Nge5 33. Re3 Rf8 34. Kd1 Rf2 35. Re2 Rxe2 36. Kxe2 Kd5 37. b3 b5 38. Rg8 Kd4 39. Rc8 Nc5 40. c3+ Kd5 41. Ke3 a5 42. Kf4 1-0

[Event "DOM-chT"]
[Site "Santiago de los Caballeros"]
[Date "2017.08.17"]
[Round "1.3"]
[White "Novas, Andres Guillermo"]
[Black "Javier Brito, Aneudis"]
[Result "1-0"]
[WhiteElo "1688"]
[BlackElo "1892"]
[PlyCount "55"]
[EventDate "2017.08.17"]
[EventType "team-swiss"]
[EventRounds "6"]
[EventCountry "DOM"]
[SourceTitle "EXT 2019"]
[Source "ChessBase"]
[SourceDate "2018.10.10"]
[SourceVersion "1"]
[SourceVersionDate "2018.10.10"]
[SourceQuality "1"]
[WhiteTeam "Bahoruco"]
[BlackTeam "Duarte"]
[WhiteTeamCountry "DOM"]
[BlackTeamCountry "DOM"]

1. e4 e6 2. d4 d5 3. exd5 exd5 4. Bd3 Nf6 5. Nf3 Bd6 6. 0-0 0-0 7. Bg5 h6 8. Bh4 Bg4 9. Nbd2 Nbd7 10. h3 Bh5 11. Bg3 Bxg3 12. fxg3 c5 13. c3 cxd4 14. cxd4 Qb6 15. Qb3 Qd6 16. Nh4 Ne4 17. Nxe4 dxe4 18. Nf5 Qc7 19. Bxe4 Nf6 20. Nxh6+ Kh8 21. Rxf6 gxf6 22. Nf5 Bg6 23. Qe3 Bxf5 24. Qh6+ Kg8 25. Bxf5 Rfd8 26. Re1 Qxg3 27. Bh7+ Kh8 28. Bg6+ 1-0

[Event "San Francisco de Macoris op"]
[Site "San Francisco de Macoris"]
[Date "2016.02.28"]
[Round "2"]
[White "Coronado Paulino, Santo Cosme"]
[Black "Javier Brito, Aneudis"]
[Result "1/2-1/2"]
[WhiteElo "1789"]
[BlackElo "1957"]
[PlyCount "107"]
[EventDate "2016.02.26"]
[EventType "swiss"]
[EventRounds "6"]
[EventCountry "DOM"]
[SourceTitle "CBM 171 Extra"]
[Source "ChessBase"]
[SourceDate "2016.04.26"]
[SourceVersion "1"]
[SourceVersionDate "2016.04.26"]
[SourceQuality "1"]

1. c4 Nf6 2. Nc3 b6 3. Nf3 e6 4. g3 Bb7 5. Bg2 Be7 6. 0-0 0-0 7. b3 Nc6 8. Bb2 Rb8 9. e3 Nb4 10. d4 d5 11. a3 Na6 12. cxd5 Nxd5 13. Rc1 c5 14. Qd3 Nac7 15. Rfd1 Nxc3 16. Qxc3 Nd5 17. Qc2 Qe8 18. Ne5 f6 19. Nd3 cxd4 20. Bxd4 Qg6 21. Ne1 Qxc2 22. Rxc2 Rfc8 23. Bb2 Rxc2 24. Nxc2 f5 25. Rc1 Rc8 26. Nd4 Rxc1+ 27. Bxc1 Kf7 28. b4 a6 29. Kf1 g6 30. Bxd5 Bxd5 31. Ke1 e5 32. Ne2 Bf3 33. Nc3 Ke6 34. Kd2 Bc6 35. Bb2 g5 36. Kd3 h5 37. e4 f4 38. Ke2 fxg3 39. fxg3 Bb7 40. Bc1 Kf6 41. Be3 a5 42. Bxb6 axb4 43. axb4 Bxb4 44. Na2 Ba6+ 45. Ke3 Be1 46. Nc1 h4 47. gxh4 Bxh4 48. Nd3 Bxd3 49. Kxd3 Ke6 50. h3 Bg3 51. Ke2 Kf6 52. Kf3 Bf4 53. Kg4 Kg6 54. Bd8 1/2-1/2